| Поле | Название | Значение |
| |
Тип записи |
a |
| |
Библиографический уровень |
m |
| 001 |
Контрольный номер |
RU/CBS_UL/BASE/638012526 |
| 005 |
Дата корректировки |
20250306133039.3 |
| 010 |
Индекс ISBN |
__ |
| a |
ISBN |
5-89537-225-2 |
| d |
Цена |
5 р. 00 к. |
| 9 |
Тираж |
8 000 экз. |
| 100 |
Данные общей обработки |
__ |
| a |
Данные общей обработки |
20250306d2001 u u 1rusy |||| |
| 101 |
Язык документа |
0_ |
| a |
Язык текста |
rus |
| 105 |
Кодированные данные (монография) |
__ |
| a |
Кодированные данные (монография) |
a z 000yy |
| 200 |
Заглавие и сведения об ответственности |
1_ |
| a |
Заглавие |
Слово о полку Игореве |
| e |
Сведения, относящиеся к заглавию |
древнерусская летописная повесть |
| e |
Сведения, относящиеся к заглавию |
школьникам для подготовки к урокам литературы |
| g |
Последующие сведения об ответственности |
худ. ред. А. Вовикова |
| 203 |
Вид содержания и тип средства |
__ |
| a |
Вид содержания |
Текст |
| b |
Характеристика содержания |
визуальный |
| c |
Тип средства |
непосредственный |
| 210 |
Выходные данные |
1_ |
| a |
Место издания |
Москва |
| c |
Издательство |
Стрекоза-пресс |
| d |
Дата издания |
2001 |
| 215 |
Физическое описание |
__ |
| a |
Объем |
95 с. |
| d |
Формат |
21 см |
| 225 |
Серия |
1_ |
| a |
Серия |
Классика для школы |
| 300 |
Общие примечания |
__ |
| a |
Общие примечания |
12+ |
| 606 |
Тематические рубрики |
0_ |
| a |
Основная рубрика |
Литературоведение |
| 610 |
Ключевые слова |
0_ |
| a |
Ключевые слова |
повесть летописная |
| a |
Ключевые слова |
независимость |
| a |
Ключевые слова |
эпос героический |
| a |
Ключевые слова |
литература древнерусская |
| 610 |
Ключевые слова |
0_ |
| a |
Ключевые слова |
планы сочинений |
| 686 |
Индексы других классификаций |
__ |
| a |
Классификационный индекс |
83.3 |
| 2 |
Код системы |
rubbk |
| 702 |
Вторичная интеллектуальная ответственность |
_1 |
| a |
Фамилия |
Вовикова |
| b |
Имя (инициалы) |
А. |
| 4 |
Код отношения |
340 |
| 801 |
Источник записи |
_0 |
| a |
Страна |
RU |
| b |
Организация |
RuCBSGrad |
| c |
Дата составления |
20250306 |
| 801 |
Источник записи |
_1 |
| a |
Страна |
RU |
| b |
Организация |
RuCBSGrad |
| c |
Дата составления |
20250306 |
| 852 |
Данные о местонахождении |
__ |
| i |
Авторский знак |
С 48 |
| a |
Наименование организации |
МБУК "ЦБС г.Димитровграда" |
| z |
Тип записи |
R |
| 901 |
Тип документа |
__ |
| t |
Тип документа |
m |
| 909 |
Создатель записи |
__ |
| a |
Создатель записи |
Емангулова |
| b |
Дата создания записи |
20250306 |